FINANCE:a management guide for managing company funds and profits (Record no. 654)

MARC details
000 -LEADER
fixed length control field 00440nam a22001697a 4500
005 - DATE AND TIME OF LATEST TRANSACTION
control field 20180711110219.0
008 - FIXED-LENGTH DATA ELEMENTS--GENERAL INFORMATION
fixed length control field 160512b xxu||||| |||| 00| 0 eng d
020 ## - INTERNATIONAL STANDARD BOOK NUMBER
ISBN 81-203-0918-9
041 ## - LANGUAGE CODE
Language code of text/sound track or separate title eng
082 ## - DEWEY DECIMAL CLASSIFICATION NUMBER
Item number 1687
Classification number 658.15
100 ## - MAIN ENTRY--AUTHOR NAME
Personal name Pandey, I.M
245 ## - TITLE STATEMENT
Title FINANCE:a management guide for managing company funds and profits
260 ## - PUBLICATION, DISTRIBUTION, ETC. (IMPRINT)
Place of publication New Delhi
Name of publisher PHI,
Year of publication 1995
300 ## - PHYSICAL DESCRIPTION
Number of Pages 236p,
650 ## - SUBJECT ADDED ENTRY--TOPICAL TERM
Topical Term Management
942 ## - ADDED ENTRY ELEMENTS (KOHA)
Koha item type Books
Holdings
Lost status Damaged status Collection code Home library Current library Shelving location Date acquired Cost, normal purchase price Full call number Accession Number Koha item type
    MANAGEMENT JRU Library JRU Library SHELF-75-K 12/05/2016 125.00 658.15 1687 Books
    MANAGEMENT JRU Library JRU Library SHELF-71-D 12/05/2016 125.00 658.15 1688 Books
      JRU Library JRU Library SHELF-75-K 12/05/2016 125.00 658.15 1689 Books
    MANAGEMENT JRU Library JRU Library SHELF-60-H 12/05/2016 125.00 658.15 1690 Books